000 01050nam a22003017a 4500
001 6473
003 FISKH
005 20250506101810.0
008 250506b cb ||||| |||| 00| 0 eng d
020 _a9780590485869
040 _aFISKH
_beng
_cFISKH
_dFISKH
050 _aPZ7.B46626 G
082 _a813.54
100 _aBetancourt, Jeanne
_d(1941-)
245 _aPony Pals :
_bGive me back my pony /
_cJeanne Betancourt ; illustrated by Paul Bachem
250 _aThis edition first published in 1995
260 _aNew York :
_bScholastic,
_c1995
300 _a82 pages :
_billustrations ;
_c20 cm
505 _aP
520 _aLulu has fallen in love with the beautiful pony Snow White, and when the pony's snobby owner returns from boarding school, the Pony Pals come up with a plan to reunite Lulu and Snow White forever.
521 8 _a600
_bLexile
521 8 _aP
_bRaz-Plus
650 _2Horses
_aPony Pals
650 _2Fic Bet
_aBorrowed 2012
700 _aBachem, Paul
_dillustrator
942 _2ddc
_cBK
_n0
999 _c6473
_d6473